| 000 | 00933cab a2200289 4500 | ||
|---|---|---|---|
| 001 | WB2901-03 | ||
| 008 | 090401t1992 xxu||||| |||| 00| 0 eng d | ||
| 035 | _a(Sirsi) u18156 | ||
| 041 | _aeng | ||
| 245 | _aArchitects` records | ||
| 260 | _c1992 | ||
| 350 | _a0 | ||
| 490 |
_aTimes _v29 December 1992, 14(1) |
||
| 520 | _aThe Scottish Survey of Architectural Practices is rescuing documents from architects, whose practices are closing down in the recession. The salvaged material is of historical interest and will be available for inspection by the public. | ||
| 650 | _aARCHITECTS | ||
| 650 | _aARCHITECTURE | ||
| 650 | _aDOCUMENTS | ||
| 650 | _aRECESSION | ||
| 650 | _aRECORDS | ||
| 650 | _aSCOTLAND | ||
| 650 | _aSCOTTISH SURVEY OF ARCHITECTURAL PRACTICES | ||
| 650 | _aSTORAGE | ||
| 690 | _aBUILT ENVIRONMENT-CONSTRUCTION DESIGN | ||
| 690 | _aPROFESSIONAL PRACTICE | ||
| 942 | _n0 | ||
| 948 | _c04/03/1997 | ||
| 999 |
_c12044 _d12044 |
||